Software quality assurance & testing for beginners / (Record no. 56824)
[ view plain ]
| 000 -LEADER | |
|---|---|
| fixed length control field | 00616 a2200181 4500 |
| 008 - FIXED-LENGTH DATA ELEMENTS--GENERAL INFORMATION | |
| fixed length control field | 210818b ||||| |||| 00| 0 eng d |
| 020 ## - INTERNATIONAL STANDARD BOOK NUMBER | |
| International Standard Book Number | 9781097280445 |
| 050 ## - LIBRARY OF CONGRESS CALL NUMBER | |
| Classification number | QA76.76 .Q35 |
| Item number | .S33 2019 |
| 100 ## - MAIN ENTRY--PERSONAL NAME | |
| Personal name | Shah, Nitin |
| 245 ## - TITLE STATEMENT | |
| Title | Software quality assurance & testing for beginners / |
| Statement of responsibility, etc | Nitin Shah |
| 260 ## - PUBLICATION, DISTRIBUTION, ETC. (IMPRINT) | |
| Name of publisher, distributor, etc | Independently Published, |
| Date of publication, distribution, etc | 2019. |
| Place of publication, distribution, etc | California, L.A |
| 300 ## - PHYSICAL DESCRIPTION | |
| Extent | 263p. : |
| Dimensions | 25cm. |
| 500 ## - GENERAL NOTE | |
| General note | Includes bibliographical references and index |
| 650 ## - SUBJECT ADDED ENTRY--TOPICAL TERM | |
| Topical term or geographic name as entry element | Computer software |
| General subdivision | Quality control |
| 650 ## - SUBJECT ADDED ENTRY--TOPICAL TERM | |
| Topical term or geographic name as entry element | Computer software |
| General subdivision | Reliability |
| 650 ## - SUBJECT ADDED ENTRY--TOPICAL TERM | |
| Topical term or geographic name as entry element | Computer software |
| General subdivision | Testing |
| 942 ## - ADDED ENTRY ELEMENTS (KOHA) | |
| Item type | Book |
| Source of classification or shelving scheme | Library of Congress Classification |
| Withdrawn status | Lost status | Source of classification or shelving scheme | Damaged status | Not for loan | Collection code | Home library | Current library | Shelving location | Date acquired | Source of acquisition | Cost, normal purchase price | Total Checkouts | Full call number | Barcode | Date last seen | Date last borrowed | Copy number | Price effective from | Koha item type |
|---|---|---|---|---|---|---|---|---|---|---|---|---|---|---|---|---|---|---|---|
| Library of Congress Classification | Non-fiction | Bishop Okullu Memorial Library (Limuru Campus) | Bishop Okullu Memorial Library (Limuru Campus) | General Circulation | 18/08/2021 | PURCHASE | 2258.00 | 2 | QA76.76 .Q35 .S33 2019 | 066397 | 13/11/2025 | 03/11/2025 | 1 | 18/08/2021 | Book | ||||
| Library of Congress Classification | Non-fiction | Nairobi Campus | Nairobi Campus | General Circulation | 18/08/2021 | PURCHASE | 2258.00 | QA76.76 .Q35 .S33 2019 | 066398 | 2 | 18/08/2021 | Book |